000
00317nam a2200133Ia 4500
008
190216s9999||||xx |||||||||||||| ||und||
100
_a
Eisenhart
245
0
_a
Coordinate Geometry
250
_a
1st Ed.
260
_b
Calcutta The World Press Pvt Ltd
_c
1957
300
_a
298p
650
_a
Mathematics
942
_c
BK
999
_c
30455
_d
30455